Normal view
MARC view
Entry Personal Name
001 - CONTROL NUMBER
- control field: 541089
003 - CONTROL NUMBER IDENTIFIER
- control field: OSt
005 - DATE AND TIME OF LATEST TRANSACTION
- control field: 20220930081318.0
008 - FIXED-LENGTH DATA ELEMENTS
- fixed length control field: 220930|| aca||aabn | a|a d
040 ## - CATALOGING SOURCE
- Original cataloging agency: OSt
- Transcribing agency: OSt
100 ## - HEADING--PERSONAL NAME
- Personal name: Bibha Kumari
670 ## - SOURCE DATA FOUND
- Source citation: Work cat.: (OSt)871272: Bibha Kumari, Mridula Garg aur Maitreyi Pushpa ke upanyaas , 2010
